Municipalities of Gunma - Click Map - Statistics

General Stats
  • This quiz has been taken 21 times
  • The average score is 19 of 35
Answers on the Map
Answers color-coded by a green-red scale on the quiz's map according to % correct below.
 
Answer Stats
Answer % Correct
Kiryu 桐生市 きりゅうし
100%
Minakami みなかみ町 みなかみまち
100%
Isesaki 伊勢崎市 いせさきし
80%
Maebashi 前橋市 まえばしし
80%
Ota 太田市 おおたし
80%
Annaka 安中市 あんなかし
60%
Fujioka 藤岡市 ふじおかし
60%
Kanra 甘楽町 かんらまち
60%
Kawaba 川場村 かわばむら
60%
Kusatsu 草津町 くさつまち
60%
Midori みどり市 みどりし
60%
Naganohara 長野原町 ながのはらまち
60%
Nakanojo 中之条町 なかのじょうまち
60%
Shibukawa 渋川市 しぶかわし
60%
Shimonita 下仁田町 しもにたまち
60%
Takasaki 高崎市 たかさきし
60%
Takayama 高山村 たかやまむら
60%
Tomioka 富岡市 とみおかし
60%
Chiyoda 千代田町 ちよだまち
40%
Higashiagatsuma 東吾妻町 ひがしあがつままち
40%
Itakura 板倉町 いたくらまち
40%
Kanna 神流町 かんなまち
40%
Katashina 片品村 かたしなむら
40%
Meiwa 明和町 めいわまち
40%
Numata 沼田市 ぬまたし
40%
Oizumi 大泉町 おおいずみまち
40%
Ora 邑楽町 おうらまち
40%
Shinto 榛東村 しんとうむら
40%
Showa 昭和村 しょうわむら
40%
Tamamura 玉村町 たまむらまち
40%
Tatebayashi 館林市 たてばやしし
40%
Tsumagoi 嬬恋村 つまごいむら
40%
Yoshioka 吉岡町 よしおかまち
40%
Nanmoku 南牧村 なんもくむら
20%
Ueno 上野村 うえのむら
20%
No matching quizzes found
Score Distribution
Percent of People with Each Score
Percentile by Number Answered
Your Score History
You have not taken this quiz